| 000 | 00416nam a2200121Ia 4500 | ||
|---|---|---|---|
| 999 |
_c26967 _d26967 |
||
| 041 | _aEnglish | ||
| 100 | _aSoni, Jeetendra D. | ||
| 245 | 0 |
_aLabour migration to West Asia from Sikar, Churu and Jhunjhunu district : _bProblems and prospects / _cJeetendra D. Soni |
|
| 260 |
_aNew Delhi : _bIndian Council of Social Science Research, _c2015 |
||
| 300 | _av, 146p | ||
| 650 |
_aMigrant labor _zWest Asia |
||
| 942 |
_2ddc _cBK |
||